01012nam a2200265 i 4500001001000000003000900010005001700019007000300036008004100039020001800080040003000098041000800128082002500136100003900161245014000200264007000340300005500410336002700465337003300492338002800525490004100553500005700594504003800651651005700689000002188DO-SdBNP20260217102710.0ta090701s2017 dr ac 001 0 spa d a9789945586947 aDO-SdBNPbspacBNPHUerda aspa 4a972.93054bS479c2221 aSepúlveda, Gerardo,eautor4aut.10aCronología :bRevolución de Abril de 1965 ( del 24 de abril al 25 de mayo) /cGerardo Sepúlveda ; corrección, Luis Fernández. 4aSanto Domingo :bEditora Archivo General de la Nación,c©2017. a294 páginas :bilustraciones, retratos ;c28 cm. atextobtxt2rdacontent asin mediaciónbn2rdamedia avolumenbnc2rdacarrier0 aArchivo General de la Nación v297 aIncluye datos biográficos del autor en las solapas aBibliografía: páginas 273-276 4aRepública DominicanaxHistoriayRevolución, 1965